1209 1196 1910 1754 1595 1435 1571 1194 1812 1895 1010 1414 1694 1619 1448 1866 1798 1868 1835 1186 1145 1458 1464 1998 1612 1248 1362 1370 1200 1650 1614 1305 1577 1119 1793 1843 1928 1655 1953 1666 1544 1186 1578 1962 1546 1426 1126 1572 1904 1115 1998 1636 1257 1315 1943 1774 1897 1392 1517 1252 1967 1222 1410 1796 1486 1010 1869 1407 1937 1336 1705 1365 1069 1074 1112 1649 1005 1171 1666 1730 1878 1635 1387 1873 1765 1202 1317 1070 1325 1974 1472 1516 1494 1894 1654 1311 1364 1277 1989 BCNSPRNW ULIB Ver.6.0+V

เปลี่ยนเป็นภาษาไทย

Change to English
 แสดงรายละเอียดบรรณานุกรม
  กลับหน้าหลัก

Brief Record : Get Marc (ISO 2709) : E-mail record : QR code < ปิดหน้าต่าง
LEADER : 00000nam 2200000uu 4500
001    13399124436
003     ULIB
008    150717s2556||||th 000 0 tha d
020    ^a9786167287935
060  0 ^aWY160^bก451
245 00 ^aการพยาบาลจิตเวช/^cบรรณาธิการ,วีณา เจี๊ยบนา
250    ^aพิมพ์ครั้งที่ 1.
260    ^aกรุงเทพฯ :^bวิทยาลัยพยาบาลสภากาชาดไทย,^c2556.
300    ^a171 หน้า
650  0 ^aการพยาบาลจิตเวช
650  0 ^aจิตเวช^xการพยาบาล
700 0  ^aวีณา เจี๊ยบนา,^eบรรณาธิการ
710 1  ^aวิทยาลัยพยาบาลสภากาชาดไทย.^bภาควิชาการพยาบาลอนามัยชุมชนและจิตเวช.
945    ^p180^l0^i039541
945    ^p180^l0^i039542
945    ^p180^l0^i039543
945    ^p180^l0^i039544
945    ^p180^l0^i039545
945    ^p180^l0^i039546
945    ^p180^l0^i039547
945    ^p180^l0^i039548
945    ^p180^l0^i039549
945    ^p180^l0^i039550
945    ^p180^l0^i039551
945    ^p180^l0^i039552
945    ^p180^l0^i039553
945    ^p180^l0^i039554
945    ^p180^l0^i039555
999    ^aเกษร โพธิ์สุวรรณ
รายการนี้ยังไม่มีแท็ก
คุณยังไม่ได้ล็อกอิน คุณสามารถมีกิจกรรมร่วมกับเว็บไซต์ได้ แต่ต้องล็อกอินก่อน ::
  ล็อกอิน

รายการสื่อสารสนเทศ

ลำดับที่ ประเภท เลขเรียก/บาร์โค้ด สถานที่ สถานะ
1. Book การพยาบาล
หนังสือสำรอง
สถานะ=หนังสือสำรอง
WY160 ก451 ฉ.1 
  Barcode: 039541
ห้องสมุดวิทยาเขตสวรรค์ประชารักษ์
►ส่วนจัดเก็บหนังสือเก่า สปร
บนชั้น
  ขอยืม
2. Book การพยาบาล
Book การพยาบาล
WY160 ก451 ฉ.10 
  Barcode: 039550
ห้องสมุดวิทยาเขตสวรรค์ประชารักษ์
►ส่วนจัดเก็บหนังสือเก่า สปร
บนชั้น
  ขอยืม
3. Book การพยาบาล
Book การพยาบาล
WY160 ก451 ฉ.11 
  Barcode: 039551
ห้องสมุดวิทยาเขตสวรรค์ประชารักษ์
►ส่วนจัดเก็บหนังสือเก่า สปร
บนชั้น
  ขอยืม
4. Book การพยาบาล
Book การพยาบาล
WY160 ก451 ฉ.12 
  Barcode: 039552
ห้องสมุดวิทยาเขตสวรรค์ประชารักษ์
►ส่วนจัดเก็บหนังสือเก่า สปร
บนชั้น
  ขอยืม
5. Book การพยาบาล
Book การพยาบาล
WY160 ก451 ฉ.13 
  Barcode: 039553
ห้องสมุดวิทยาเขตสวรรค์ประชารักษ์
►ส่วนจัดเก็บหนังสือเก่า สปร
บนชั้น
  ขอยืม
6. Book การพยาบาล
Book การพยาบาล
WY160 ก451 ฉ.14 
  Barcode: 039554
ห้องสมุดวิทยาเขตสวรรค์ประชารักษ์
►หนังสือทั่วไป
บนชั้น
7. Book การพยาบาล
Book การพยาบาล
WY160 ก451 ฉ.15 
  Barcode: 039555
ห้องสมุดวิทยาเขตสวรรค์ประชารักษ์
►ส่วนจัดเก็บหนังสือเก่า สปร
บนชั้น
  ขอยืม
8. Book การพยาบาล
Book การพยาบาล
WY160 ก451 ฉ.2 
  Barcode: 039542
ห้องสมุดวิทยาเขตสวรรค์ประชารักษ์
►ส่วนจัดเก็บหนังสือเก่า สปร
บนชั้น
  ขอยืม
9. Book การพยาบาล
Book การพยาบาล
WY160 ก451 ฉ.3 
  Barcode: 039543
ห้องสมุดวิทยาเขตสวรรค์ประชารักษ์
►ส่วนจัดเก็บหนังสือเก่า สปร
บนชั้น
  ขอยืม
10. Book การพยาบาล
Book การพยาบาล
WY160 ก451 ฉ.4 
  Barcode: 039544
ห้องสมุดวิทยาเขตสวรรค์ประชารักษ์
►ส่วนจัดเก็บหนังสือเก่า สปร
บนชั้น
  ขอยืม
11. Book การพยาบาล
Book การพยาบาล
WY160 ก451 ฉ.5 
  Barcode: 039545
ห้องสมุดวิทยาเขตสวรรค์ประชารักษ์
►ส่วนจัดเก็บหนังสือเก่า สปร
บนชั้น
  ขอยืม
12. Book การพยาบาล
Book การพยาบาล
WY160 ก451 ฉ.6 
  Barcode: 039546
ห้องสมุดวิทยาเขตสวรรค์ประชารักษ์
►ส่วนจัดเก็บหนังสือเก่า สปร
บนชั้น
  ขอยืม
13. Book การพยาบาล
Book การพยาบาล
WY160 ก451 ฉ.7 
  Barcode: 039547
ห้องสมุดวิทยาเขตสวรรค์ประชารักษ์
►ส่วนจัดเก็บหนังสือเก่า สปร
บนชั้น
  ขอยืม
14. Book การพยาบาล
Book การพยาบาล
WY160 ก451 ฉ.8 
  Barcode: 039548
ห้องสมุดวิทยาเขตสวรรค์ประชารักษ์
►ส่วนจัดเก็บหนังสือเก่า สปร
บนชั้น
  ขอยืม
15. Book การพยาบาล
Book การพยาบาล
WY160 ก451 ฉ.9 
  Barcode: 039549
ห้องสมุดวิทยาเขตสวรรค์ประชารักษ์
►ส่วนจัดเก็บหนังสือเก่า สปร
บนชั้น
  ขอยืม

รายการใกล้เคียง
    หัวเรื่อง [การพยาบาลจิตเวช]

BibComment


ยังไม่เคยถูกคอมเมนท์

คอมเมนท์ทรัพยากรรายการนี้
  คอมเมนท์: การพยาบาลจิตเวช ..


 Copyright 2026. Bcnsprnw @Library